Europe & Asia luxury hotel interior (Record no. 7847)

000 -LEADER
fixed length control field 00349nam a22001457a 4500
003 - CONTROL NUMBER IDENTIFIER
control field OSt
005 - DATE AND TIME OF LATEST TRANSACTION
control field 20200526143101.0
008 - FIXED-LENGTH DATA ELEMENTS--GENERAL INFORMATION
fixed length control field 200526b ||||| |||| 00| 0 eng d
020 ## - INTERNATIONAL STANDARD BOOK NUMBER
International Standard Book Number 9784309800035
082 ## - DEWEY DECIMAL CLASSIFICATION NUMBER
Classification number 728.5KIS
100 ## - MAIN ENTRY--PERSONAL NAME
Personal name Kishikawa, Hiro
245 ## - TITLE STATEMENT
Title Europe & Asia luxury hotel interior
260 ## - PUBLICATION, DISTRIBUTION, ETC. (IMPRINT)
Name of publisher, distributor, etc Kawade Shobo Shin Sha
942 ## - ADDED ENTRY ELEMENTS (KOHA)
Source of classification or shelving scheme
Holdings
Withdrawn status Lost status Source of classification or shelving scheme Damaged status Koha normalized classification for sorting Not for loan Permanent location Current location Date acquired Full call number Barcode Date last seen Price effective from Koha item type
        728_000000000000000_5KIS   BMS College of Architecture, Design and Planning BMS College of Architecture, Design and Planning 2020-05-26 728.5KIS AR-UG1711 2020-05-26 2020-05-26 UG Books
Copyright © 2025, The Librarian, Library and Information Centre, BMSCA D&P, Bengaluru. All Rights Reserved
web counter

Powered by Koha